000 00457nam a2200181Ia 4500
005 20250603145641.0
008 250603s9999 xx 000 0 und d
020 _a9788122416664
050 _aTP 155 .S46/
100 _aSen, D.
245 0 _aReference book on chemical engineering Volume II
260 _aNew Delhi
260 _bNew Age International (P) Ltd. Publishers
260 _c2008
300 _a219 p
650 _aNew Delhi
942 _cBK
999 _c42457
_d42457